Çankaya : (Record no. 200421185)

MARC details
000 -LEADER
fixed length control field 01019 a2200313 4500
001 - CONTROL NUMBER
control field 200421185
003 - CONTROL NUMBER IDENTIFIER
control field TR-AnTOB
005 - DATE AND TIME OF LATEST TRANSACTION
control field 20251208152720.0
008 - FIXED-LENGTH DATA ELEMENTS--GENERAL INFORMATION
fixed length control field 150127s tu 000 0
020 ## - INTERNATIONAL STANDARD BOOK NUMBER
International Standard Book Number 9759533944
040 ## - CATALOGING SOURCE
Original cataloging agency TR-AnTOB
Language of cataloging tur
Description conventions rda
Transcribing agency TR-AnTOB
041 0# - LANGUAGE CODE
Language code of text/sound track or separate title Türkçe
050 00 - LIBRARY OF CONGRESS CALL NUMBER
Classification number DR592.K4
Item number A83 1998
090 ## - LOCALLY ASSIGNED LC-TYPE CALL NUMBER (OCLC); LOCAL CALL NUMBER (RLIN)
Classification number (OCLC) (R) ; Classification number, CALL (RLIN) (NR) DR592.K4 A83 1998
100 1# - MAIN ENTRY--PERSONAL NAME
Personal name Atay, Falih Rıfkı,
Dates associated with a name 1893-1971
9 (RLIN) 103755
245 10 - TITLE STATEMENT
Title Çankaya :
Remainder of title Atatürk'ün doğumundan ölümüne kadar /
Statement of responsibility, etc. Falih Rıfkı Atay.
264 ## - PRODUCTION, PUBLICATION, DISTRIBUTION, MANUFACTURE, AND COPYRIGHT NOTICE
Place of production, publication, distribution, manufacture İstanbul :
Name of producer, publisher, distributor, manufacturer Bateş,
Date of production, publication, distribution, manufacture, or copyright notice 1998.
300 ## - PHYSICAL DESCRIPTION
Extent 586 p.. :
Other physical details ill. ;
Dimensions 23 cm.
336 ## - CONTENT TYPE
Content type term text
Source rdacontent
Content type code txt
337 ## - MEDIA TYPE
Media type term unmediated
Source rdamedia
Media type code n
338 ## - CARRIER TYPE
Carrier type term volume
Source rdacarrier
Carrier type code nc
490 0# - SERIES STATEMENT
Series statement A World Bank policy paper,
International Standard Serial Number 1014-8124
504 ## - BIBLIOGRAPHY, ETC. NOTE
Bibliography, etc. note
600 1# - SUBJECT ADDED ENTRY--PERSONAL NAME
Personal name Atatürk, Mustafa Kemal
Dates associated with a name 1881-1938
9 (RLIN) 20781
650 #0 - SUBJECT ADDED ENTRY--TOPICAL TERM
Topical term or geographic name entry element Cumhurbaşkanları
Geographic subdivision Türkiye
Form subdivision Biyografi
9 (RLIN) 12918
651 #0 - SUBJECT ADDED ENTRY--GEOGRAPHIC NAME
Geographic name Türkiye
General subdivision Tarih
Chronological subdivision 1918-1960
9 (RLIN) 51899
942 ## - ADDED ENTRY ELEMENTS (KOHA)
Koha item type Book
Source of classification or shelving scheme Library of Congress Classification
Holdings
Withdrawn status Lost status Not for loan Collection code Home library Current library Shelving location Date acquired Source of acquisition Cost, normal purchase price Serial Enumeration / chronology Inventory number Total Checkouts Total Renewals Total Holds Full call number Barcode Date last seen Date last checked out Copy number Cost, replacement price Date shelved Koha item type
    Ödünç Verilebilir / Available Genel Koleksiyon Merkez Kütüphane Merkez Kütüphane Genel Koleksiyon / Main Collection 27/01/2015 Bağış / Donation 0.01 1 TAR 6 5   DR592.K4 A83 1998 0046601 20/05/2024 18/03/2024 1 0.01   Book
Devinim Yazılım Eğitim Danışmanlık tarafından Koha'nın orjinal sürümü uyarlanarak geliştirilip kurulmuştur.